000 00304nam a22001337a 4500
008 180926b xxu||||| |||| 00| 0 eng d
020 _a9780073282121
041 _aeng
080 _a336
100 _a56
101 _aFIN
245 _aFundamentals of Corporate Finance
_cJordan, R.W
942 _2udc
_cBK
999 _c48500
_d48500